Aplikácia modelov výkonnosti ako nástrojov tvorby finančného plánu diplomová práca

Na minha lista:
Detalhes bibliográficos
Autor principal: Rarog, Kamil
Autor Corporativo: Fakulta podnikového manažmentu EU. Katedra podnikových financií
Outros Autores: Hyránek, Eduard, 1955-
Formato: Livro
Idioma:eslovaco
Publicado em: Bratislava 2019
Tags: Adicionar Tag
Sem tags, seja o primeiro a adicionar uma tag!

MARC

LEADER 00000nbm a2200000 4500
001 0255486
005 20191122083702.3
041 0 |a slo 
044 |a SK 
245 1 0 |a Aplikácia modelov výkonnosti ako nástrojov tvorby finančného plánu  |b diplomová práca  |c Kamil Rarog ; školiteľ: Eduard Hyránek 
264 1 |a Bratislava  |c 2019 
300 |a 105 s. 
100 1 |a Rarog, Kamil 
700 1 |a Hyránek, Eduard, 1955- 
710 2 |a Fakulta podnikového manažmentu EU. Katedra podnikových financií